| 000 | 00703nam a2200181Ia 4500 | ||
|---|---|---|---|
| 008 | 090124s9999 xx 000 0 und d | ||
| 082 | _b34493 | ||
| 100 | _aठकार निशिकांत | ||
| 245 | _a स्त्री आणि क्रांती (प्रवचन-ओशो ) | ||
| 250 | _a1 | ||
| 260 |
_bओशो (रजनीश) _c2008 |
||
| 300 | _a146 | ||
| 600 | _aठकार निशिकांत | ||
| 630 | _a स्त्री आणि क्रांती (प्रवचन-ओशो ) | ||
| 700 | _aठकार निशिकांत | ||
| 730 | _a स्त्री आणि क्रांती (प्रवचन-ओशो ) | ||
| 942 | _cBOOK | ||
| 999 |
_c200425 _d200425 |
||